00341nam a2200097Ia 4500008004100000020001500041100002100056245010300077260004400180300001900224180205s9999 xx 000 0 und d a9712327787 aMalaya, Jonathan cUychoco, ArnellaHit the podium :bgetting started in debate includes ten great political speeches aRecto Avenue CitybREX book storec1999 aiii, 240 pages